Is rock... ? - Statistics

General Stats
  • This quiz has been taken 1,104 times
  • The average score is 18 of 28
Answer Stats
Hint Answer % Correct
... hard? Yes
99%
... sometimes sedimentary? Yes
95%
... furry? No
94%
... just dense water? No
92%
... made of cheese? No
91%
... pebbles? Yes
90%
... helpful for sneezing? No
87%
... actually a myth? No
77%
... what Elvis sang? Yes
74%
... a chemical element? No
71%
... Charlie Brown’s favourite Halloween candy? No
68%
... in an Islamic dome? Yes
68%
... conductive? No
67%
... George Washington's nickname? No
67%
... a suffix to sham? Yes
66%
... a prefix to kick? No
61%
... what makes up Uluru? Yes
61%
... a prison on an island? Yes
59%
... a former WWF wrestler? Yes
54%
... in a Buddhist cone? No
53%
... taters, master? No
50%
... a lobster type? Yes
48%
... mostly copper? No
40%
... what a cradle does? Yes
36%
... part of Sisyphus's punishment? Yes
34%
... a Michael Bay movie? Yes
31%
... solid lava? Yes
27%
... a baseball pitch? No
16%
No matching quizzes found
Score Distribution
Percent of People with Each Score
Percentile by Number Answered
Your Score History
You have not taken this quiz